000 00777nam a2200217Ia 4500
001 21635
005 20260416145118.0
008 260320s9999||||xx |||||||||||||| ||und||
020 _a9788498491111
041 _aESP
082 _a349.75
_bG23
100 _aGarcía Gárate, Alfredo,
_eAUT
245 0 _aEl matrimonio canónico en su dimensión sustantiva y procesal
260 _aMadrid :
_bDykinson,
_c2007
300 _a186 páginas :
_c24 cm.
650 _aCIS
653 _aDerecho eclesiástico; Matrimonio canónico: Matrimonio (Derecho canónico) - España
654 _aDER
856 _uhttps://0u21awr1v-y-https-go-gale-com.itmsp.museknowledge.com/ps/start.do?authCount=1&u=ucsp&p=IFME&aty=ip
_zVéase además: Base de datos Gale
942 _cLIB
_dJUS
_fMAT
_2ddc
999 _c21635
_d21635